Geografia europea con la lettera C - Statistics

Statistiche generali
  • Questo quiz è stato fatto 216 volte
  • Il punteggio medio è 13 su 19
Statistiche sulle risposte
DOMANDA RISPOSTA % Corretto
Capitale della Danimarca Copenaghen
99%
Città a sud dela Francia che ospita un festival cinematografico Cannes
96%
"Quel ramo del lago di ..., che volge a mezzogiorno, tra due catene non interrotte di monti" Como
95%
Le regioni stanno all'Italia, come i ....... stanno alla Svizzera Cantoni
92%
Fa parte dell'Ue dal 2013 Croazia
85%
Capitale del Galles Cardiff
81%
Città nota per il disastro nucleare dell'86 Chernobyl
81%
Città inglese dall'antica Università insieme a Oxford Cambridge
79%
Capitale moldava Chisinau
78%
Regione francese in cui nacque Napoleone Corsica
77%
Penisola annessa de facto da Putin nel 2014 Crimea
77%
Il suo capoluogo è Heraklion Creta
54%
Catena montuosa che circonda la Transilvania Carpazi
53%
La seconda città irlandese Cork
49%
Città francese più vicina all'Inghilterra Calais
44%
Il ponte più famoso di Praga Carlo
38%
Regione celtica inglese a sud che si affaccia sulla Bretagna Cornovaglia
31%
La seconda città rumena per popolazione Cluj
28%
Sito etrusco vicino Tarquinia Cerveteri
17%
Nessun quiz corrispondente trovato
Distribuzione punteggi
Percentuale di utenti per punteggio
Percentile per numero di risposta
I tuoi punteggi nel tempo
Non hai fatto questo quiz